Países que más Sal producen al año - Estadísticas

Estadísticas generales
  • Esta prueba ha sido intentada 46 veces
  • La puntuación promedio es 8 de 10
Estadísticas de respuestas
Millones de Toneladas Producidas País % Correcto
43,8 Millones de Toneladas al año Estados Unidos
93%
56 Millones de Toneladas al año China
90%
29 Millones de Toneladas al año India
88%
7,4 Millones de Toneladas al año Brasil
83%
6,7 Millones de Toneladas al año Rusia
81%
11 Millones de Toneladas al año Canadá
79%
9 Millones de Toneladas al año México
79%
13 Millones de Toneladas al aaño Australia
71%
10 Millones de Toneladas al año Chile
71%
18 Millones de Toneladas al año Alemania
40%
No se encontraron pruebas coincidentes
Distribución de puntuación
Porcentaje de gente con cada puntuación
Porcentaje por número respondido
Historial de tus puntuaciones
No has intentado esta prueba.